| 000 | 01213nam a22003377a 4500 | ||
|---|---|---|---|
| 003 | CHAP | ||
| 005 | 20220329133910.0 | ||
| 008 | 971013s1980 r 00010 d | ||
| 010 | _a12426 | ||
| 011 | _a13398 | ||
| 035 | _a17469 | ||
| 040 | _cCHAP | ||
| 090 | _aTesis | ||
| 100 | 0 | 0 |
_aCarrillo Symonds, Ramón Alberto. _919540 |
| 245 |
_aEfectos sobre el bulbo de humedecimiento al aplicar diferentes volúmenes de agua en distintos gastos a través de emisores _b: en suelos de textura areno-franca y arcillosa |
||
| 260 |
_a(Monterrey, N.L.) : _bEl autor, _c1980 |
||
| 300 |
_a62 h. _b: gráfs. |
||
| 502 | _aTesis (Ing. Agr. en Producción) -- ITESM. Div. de Ciencias Agropecuarias y Marítimas | ||
| 590 |
_aALEPH _b10 _c20130110 _lUCH01 _h1231 |
||
| 590 |
_aBATCH-UPD _b10 _c20130110 _lUCH01 _h1120 |
||
| 590 |
_aBATCH-UPD _b10 _c20130410 _lUCH01 _h0710 |
||
| 590 |
_aBATCH-UPD _b10 _c20130914 _lUCH01 _h0911 |
||
| 590 |
_aCONVERSION _b10 _c20130109 _lUCH01 _h1308 |
||
| 650 | 1 | 4 |
_aRiego por goteo. _997380 |
| 650 | 1 | 4 |
_aSuelos arcillosos. _9110534 |
| 650 | 1 | 4 |
_aSuelos arenosos. _9110535 |
| 650 | 1 | 4 |
_aSuelos _xHumedad. _9110391 |
| 901 | _aBK | ||
| 942 | _cTESIS | ||
| 949 |
_bBC _cTES _d-41219 _eTS1 _i17469 _si |
||
| 999 |
_c12426 _d12426 |
||